Statistics for Drink It, Play It, or Spend It

Click here to take the quiz!

General Stats

  • This quiz has been taken 18,178 times
  • The average score is 11 of 15

Answer Stats

QuestionAnswer% Correct
UkulelePlay
96%
SchnappsDrink
94%
ShekelSpend
89%
OuzoDrink
86%
AquavitDrink
86%
VuvuzelaPlay
85%
LyrePlay
84%
BahtSpend
81%
ZitherPlay
74%
LekSpend
72%
TablaPlay
68%
MezcalDrink
66%
SojuDrink
65%
EscudoSpend
49%
GuaraníSpend
33%

Score Distribution

Percentile by Number Answered

Percent of People with Each Score

Your Score History

You have not taken this quiz